| 000 | 00856nam a22002177a 4500 | ||
|---|---|---|---|
| 008 | 090211t xxu||||| |||| 00| 0 eng d | ||
| 010 | _aENG-92941 | ||
| 020 |
_c150.00 _a9788190752749 |
||
| 035 | _aEN-76474 | ||
| 037 | _bDBAD / PUB | ||
| 040 |
_adpl _bEnglish |
||
| 082 | _a658.1511 | ||
| 100 | _aRajasekaran, B. | ||
| 245 |
_aManagement accounting: _bproblems and solutions / _cby B. Rajasekaran |
||
| 260 |
_aTirupur _bVishal Publications _c2008 |
||
| 270 |
_aNo. 18, Sakthi Garden, Malayampalayam Pirivu, Ganapathypalayam Po, _bTriupur _e5 |
||
| 300 |
_a181p. _c20cm (pbk) |
||
| 650 | _aManagerial accounting. | ||
| 942 |
_2ddc _cEN _mRAJ _h658.1511 |
||
| 999 |
_c23436 _d23436 |
||